| 000 | 00520cam a2200193ua 4500 | ||
|---|---|---|---|
| 001 | 4229 | ||
| 005 | 20260515113814.0 | ||
| 008 | 111221n ii |||gr||||Z||||||asm | ||
| 040 | _cMAIN | ||
| 082 | _a891.4511 | ||
| 100 | 1 |
_aHossain, Ismail, _eEditor., |
|
| 245 | 1 | 1 |
_aSamprodayeekota birodhi asomiya kabita _ced, by Ismail Hossain |
| 250 | _a1st. | ||
| 260 |
_aGuwahati: _bLokayat Prakashan,996. |
||
| 300 |
_a55p: _c23cm. |
||
| 653 | _aAssamese poem | ||
| 653 | _aSamprodayeekota birodhi asomiya kabita | ||
| 942 | _cBK | ||
| 999 |
_c4046 _d4046 |
||